| 000 -LEADER |
| fixed length control field |
00742nam a22001337a 4500 |
| 040 ## - CATALOGING SOURCE |
| Transcribing agency |
RUA |
| 082 ## - DEWEY DECIMAL CLASSIFICATION NUMBER |
| Classification number |
AGR RUN 2005 B032 Or.1 |
| 100 ## - MAIN ENTRY--AUTHOR NAME |
| Personal name |
RUN VIRAK |
| 245 ## - TITLE STATEMENT |
| Title |
The study on potential for agroestry system development by basac river in kampongs svay commune, keansvay district, kandal province,(សិក្សាសក្ដានុពលដើម្បីអភិវឌ្ឍន៍ប្រព័ន្ធកសិរុកម្ម នៅតំបន់ជុំវិញទន្លេបាសាក់ ក្នុងឃុំកំពង់ស្វាយ ស្រុកកៀនស្វាយ ខេត្តកណ្ដាល) |
| 260 ## - PUBLICATION, DISTRIBUTION, ETC. (IMPRINT) |
| Place of publication |
phnom penh |
| Name of publisher |
RUA |
| Year of publication |
2005 |
| 300 ## - PHYSICAL DESCRIPTION |
| Number of Pages |
ix,45p. |
| Dimensions |
ill. |
| 856 ## - ELECTRONIC LOCATION AND ACCESS |
| Uniform Resource Identifier |
KEAN KA |
| 942 ## - ADDED ENTRY ELEMENTS (KOHA) |
| Koha item type |
AGR |
| 952 ## - LOCATION AND ITEM INFORMATION (KOHA) |
| Withdrawn status [LOCAL, KOHA] |
0 |
| 952 ## - LOCATION AND ITEM INFORMATION (KOHA) |
| Withdrawn status [LOCAL, KOHA] |
0 |
| 952 ## - LOCATION AND ITEM INFORMATION (KOHA) |
| Withdrawn status [LOCAL, KOHA] |
0 |
| 952 ## - LOCATION AND ITEM INFORMATION (KOHA) |
| Withdrawn status [LOCAL, KOHA] |
0 |
| 952 ## - LOCATION AND ITEM INFORMATION (KOHA) |
| Withdrawn status [LOCAL, KOHA] |
0 |
| 952 ## - LOCATION AND ITEM INFORMATION (KOHA) |
| Withdrawn status [LOCAL, KOHA] |
0 |
| 952 ## - LOCATION AND ITEM INFORMATION (KOHA) |
| Withdrawn status [LOCAL, KOHA] |
0 |